Statistics for Famous Places in Australia

Click here to take the quiz!

General Stats

  • This quiz has been taken 16 times
  • The average score is 10 of 16

Answer Stats

Hint Answer % Correct
The capital city of AustraliaCanberra
100%
The largest city in Australia by populationSydney
100%
Huge rock in central AustraliaUluru
94%
The largest island of AustraliaTasmania
88%
World famous beach in SydneyBondi
88%
The capital city of Western AustraliaPerth
88%
State where you would find the Gold CoastQueensland
81%
World’s largest marine parkGreat Barrier Reef
63%
Home to the F1 Grand PrixMelbourne
63%
Ocean found south of AustraliaSouthern
56%
12 sea stacks (now only 8) in Victoria Apostles
50%
Town in South Australia, mostly built undergroundCoober Pedy
38%
The town in Tasmania, infamous for Australia’s worst shooting tragedyPort Arthur
38%
The cape off the north coast of QueenslandYork
38%
Train which travels from north to south of the continentGhan
31%
Famous national park in north of AustraliaKakadu
31%

Score Distribution

Percentile by Number Answered

Percent of People with Each Score

Your Score History

You have not taken this quiz